000 00546nam a2200181Ia 4500
008 240729s9999 xx 000 0 und d
022 _a2317-6423
245 0 _aJournal of Coloproctology
260 _aBrazil
260 _bThieme Revinter Publicações Ltda.
650 _a Diseases of the digestive system. Gastroenterology
650 _a Internal medicine
650 _a Specialties of internal medicine
650 _aMedicine
856 _uhttps://doaj.org/toc/abbea36e8f604539833e16cd25ae2698
942 _2ddc
942 _cDOAJEJ
999 _c68040
_d68040
945 _a1
_bMadushi Gamage
_c1
_dMadushi Gamage